| 000 | 00322 a2200097 4500 | ||
|---|---|---|---|
| 082 | _a333.910973 LEO | ||
| 100 | _aLeon, Luis R. | ||
| 245 |
_aStrom Water Quality Handbooks Project Planning and Design Guide / _cLuis R. Leon |
||
| 260 |
_aCalifornia : _bDepartment of Transportation, _c2000 |
||
| 300 |
_avarious Pages _bill. ; _c30 cm |
||
| 650 | _aStrom Water | ||
| 999 |
_c2087 _d2087 |
||